And Then There Were None Quiz Stats

 Plays Quiz Updated Apr 3, 2020

     
Support Sporcle.
Go Orange.
Score 0/10 Timer 04:00
0 Plays Today
Poem Suspect % Correct
He went and hanged himself...Vera Claythorne
72.8%
One got in Chancery...Lawrence Wargrave
71.9%
A red herring swallowed one...Dr. Edward Armstrong
70.2%
One overslept himself...Ethel Rogers
69.4%
One chopped himself in halves...Thomas Rogers
69.2%
One got frizzled up...Philip Lombard
68.5%
A big bear hugged one...William Henry Blore
67.2%
A bumblebee stung one...Emily Brent
65.2%
One choked his little self...Anthony Marston
58.5%
One said he'd stay there...General John Macarthur
55.5%

From the Vault

The 'White' Quiz II

by Flick

You don't want to eat while taking this quiz, it'll be impossible to get the stains out!
Remove Ads.
Support Sporcle.
Get the best of Sporcle when you Go Orange. This ad-free experience offers more features, more stats, and more fun while also helping to support Sporcle. Thank you for becoming a member.

Show Comments

Extras

Top Quizzes Today


Score Distribution

Your Account Isn't Verified!

In order to create a playlist on Sporcle, you need to verify the email address you used during registration. Go to your Sporcle Settings to finish the process.

Report this User

Report this user for behavior that violates our Community Guidelines.

Details: